[Event "La Roda op 51st"]
[Site "La Roda"]
[Date "2025.04.15"]
[Round "1"]
[White "Leiva Raya, Nicolas"]
[Black "Cuellar Montes, Alejandro"]
[Result "0-1"]
[WhiteElo "1831"]
[BlackElo "2200"]
[PlyCount "148"]
[EventDate "2025.04.15"]
[EventType "swiss"]
[EventRounds "9"]
[EventCountry "ESP"]
[SourceTitle "CB17_2025"]
[SourceDate "2025.04.23"]
[SourceVersion "1"]
[SourceVersionDate "2025.04.23"]
[SourceQuality "1"]

1. d4 Nf6 2. Bf4 d5 3. e3 e6 4. Nd2 Bd6 5. Bg3 0-0 6. Bd3 c5 7. c3 Qc7 8. Ngf3 Nbd7 9. Rc1 Bxg3 10. hxg3 e5 11. dxe5 Nxe5 12. Nxe5 Qxe5 13. Nf3 Qe7 14. Qa4 h6 15. Qf4 Re8 16. Bb5 Bd7 17. Bxd7 Qxd7 18. Nd2 d4 19. cxd4 cxd4 20. e4 Qb5 21. b3 Rac8 22. Rc4 Rxc4 23. bxc4 Qc6 24. 0-0 Nxe4 25. Nxe4 Rxe4 26. Qb8+ Kh7 27. Qxa7 d3 28. f3 Rxc4 29. Qe3 Qd5 30. Rd1 Rc3 31. Rd2 Ra3 32. Qe4+ Qxe4 33. fxe4 Kg6 34. Kf2 Kf6 35. Rb2 Ke5 36. Ke3 d2+ 37. Kxd2 Rxg3 38. Rxb7 Rxg2+ 39. Ke3 Rxa2 40. Rxf7 Ra3+ 41. Kf2 g5 42. Re7+ Kf4 43. e5 Ra2+ 44. Kf1 Ra6 45. Re8 Kf5 46. Kg2 Re6 47. Rh8 Kxe5 48. Kg3 Kf5 49. Rf8+ Rf6 50. Ra8 h5 51. Ra5+ Kg6 52. Ra4 Rb6 53. Ra3 h4+ 54. Kg4 Rb4+ 55. Kh3 Kh5 56. Ra5 Rb3+ 57. Kg2 h3+ 58. Kh2 Kh4 59. Ra8 Rb2+ 60. Kh1 g4 61. Ra4 Rf2 62. Kg1 Rf3 63. Kh2 Rf2+ 64. Kg1 Re2 65. Rb4 Kg3 66. Rb1 Re4 67. Rb3+ Kf4 68. Kh2 Re2+ 69. Kg1 g3 70. Rb1 Re4 71. Rf1+ Kg4 72. Rb1 h2+ 73. Kg2 Re2+ 74. Kh1 Kh3 0-1

[Event "Titled Tuesday intern op 04th Mar Early"]
[Site "Chess.com INT"]
[Date "2025.03.04"]
[Round "2"]
[White "Cuellar Montes, Alejandro"]
[Black "Krzyzanowski, Marcin"]
[Result "0-1"]
[WhiteElo "2216"]
[BlackElo "2498"]
[PlyCount "92"]
[EventDate "2025.03.04"]
[EventType "swiss (blitz)"]
[EventRounds "11"]
[EventCountry "USA"]
[SourceTitle "CB11_2025"]
[SourceDate "2025.03.12"]
[SourceVersion "1"]
[SourceVersionDate "2025.03.12"]
[SourceQuality "1"]

1. e4 c6 2. Nf3 d5 3. Nc3 dxe4 4. Nxe4 Nf6 5. Qe2 Nxe4 6. Qxe4 Nd7 7. Bc4 Nf6 8. Ne5 e6 9. Qe2 b5 10. Bb3 Bd6 11. d4 Qc7 12. 0-0 a6 13. c3 c5 14. Bf4 c4 15. Bc2 0-0 16. Rfe1 Bb7 17. h3 Rae8 18. Bg5 Nd5 19. Bh4 g6 20. Qd2 f6 21. Ng4 Bf4 22. Qe2 g5 23. Bg3 Bxg3 24. fxg3 Qxg3 25. Be4 Nf4 26. Qf3 Nxh3+ 27. Kh1 Qxf3 28. gxf3 Bxe4 29. fxe4 h5 30. Nh2 Nf2+ 31. Kg2 Nd3 32. Re2 f5 33. Kg1 f4 34. Rg2 g4 35. Nf3 e5 36. d5 Kf7 37. Ng5+ Kg6 38. Ne6 Rxe6 39. dxe6 f3 40. Rh2 Re8 41. a4 Rxe6 42. axb5 axb5 43. Ra8 Nf4 44. Rg8+ Kf7 45. Rb8 g3 46. Rd2 Ne2+ 0-1

[Event "Titled Tuesday intern op 25th Feb Early"]
[Site "Chess.com INT"]
[Date "2025.02.25"]
[Round "7"]
[White "Cuellar Montes, Alejandro"]
[Black "Fiorito, Joaquin"]
[Result "1/2-1/2"]
[WhiteElo "2194"]
[BlackElo "2402"]
[PlyCount "238"]
[EventDate "2025.02.25"]
[EventType "swiss (blitz)"]
[EventRounds "11"]
[EventCountry "USA"]
[SourceTitle "CB10_2025"]
[SourceDate "2025.03.05"]
[SourceVersion "1"]
[SourceVersionDate "2025.03.05"]
[SourceQuality "1"]

1. e4 Nc6 2. d4 d5 3. e5 Bf5 4. c3 e6 5. h4 h5 6. Be2 Bg6 7. Nh3 Nh6 8. Nf4 Bxb1 9. Rxb1 g6 10. g3 Nf5 11. b4 Nb8 12. a4 Nd7 13. Bd3 Nh6 14. a5 Bg7 15. Nxg6 fxg6 16. Bxg6+ Kf8 17. Bg5 Qc8 18. Qf3+ Kg8 19. Be7 Nf8 20. Bxh5 Qd7 21. Bg5 Nf5 22. g4 Nh6 23. Qg2 Nf7 24. f4 Nxg5 25. hxg5 b6 26. a6 Rc8 27. Qf3 Qe7 28. Qe3 Qd7 29. Qf3 c5 30. bxc5 bxc5 31. Rb7 Rc7 32. Rxc7 Qxc7 33. f5 cxd4 34. cxd4 Bxe5 35. dxe5 Qxe5+ 36. Kf2 Qd4+ 37. Kg3 e5 38. f6 Ne6 39. f7+ Kf8 40. Rd1 Qf4+ 41. Qxf4 exf4+ 42. Kf3 d4 43. g6 Kg7 44. Re1 Nf8 45. Kxf4 d3 46. Rd1 Ne6+ 47. Ke5 Nc5 48. Kd5 Rc8 49. g5 Rc7 50. Rf1 Nd7 51. Kd4 d2 52. Kd3 Nf8 53. Kxd2 Rc5 54. Rg1 Ne6 55. Ke3 Nxg5 56. Rf1 Ne6 57. Kd3 Rxh5 58. Kc4 Rc5+ 59. Kb4 Rc6 60. Kb5 Rb6+ 61. Ka5 Nf8 62. Re1 Nxg6 63. Rc1 Ne5 64. Rc7 Nc6+ 65. Ka4 Rxa6+ 66. Kb5 Rb6+ 67. Kc5 Ne5 68. Rxa7 Rh6 69. Kd5 Nxf7 70. Ke4 Rh5 71. Kf4 Rc5 72. Kg4 Kg6 73. Ra6+ Kg7 74. Ra7 Rc6 75. Kf4 Kf6 76. Kg4 Rc4+ 77. Kf3 Ne5+ 78. Ke3 Kf5 79. Ra8 Re4+ 80. Kd2 Rh4 81. Rf8+ Ke4 82. Re8 Rh3 83. Re7 Kd4 84. Re8 Rh2+ 85. Ke1 Ke4 86. Kf1 Kf4 87. Kg1 Nf3+ 88. Kf1 Rb2 89. Rf8+ Kg3 90. Rg8+ Kf4 91. Rf8+ Ke4 92. Re8+ Ne5 93. Kg1 Kf4 94. Kf1 Rc2 95. Kg1 Kg3 96. Rg8+ Ng4 97. Kf1 Rc5 98. Ke2 Re5+ 99. Kd2 Kf3 100. Rf8+ Ke4 101. Rg8 Ne3 102. Rd8 Nf5 103. Kc3 Rc5+ 104. Kb4 Rc1 105. Kb3 Nd4+ 106. Kb2 Rc2+ 107. Kb1 Rc7 108. Re8+ Kd3 109. Rb8 Kd2 110. Kb2 Rc3 111. Rd8 Kd3 112. Rb8 Rc2+ 113. Kb1 Rg2 114. Rc8 Ne2 115. Rd8+ Kc3 116. Rc8+ Kd3 117. Rd8+ Nd4 118. Rc8 Rg5 119. Rb8 Rc5 1/2-1/2

[Event "Titled Tuesday intern op 25th Feb Early"]
[Site "Chess.com INT"]
[Date "2025.02.25"]
[Round "6"]
[White "Tologontegin, Semetey"]
[Black "Cuellar Montes, Alejandro"]
[Result "0-1"]
[WhiteElo "2353"]
[BlackElo "2194"]
[PlyCount "96"]
[EventDate "2025.02.25"]
[EventType "swiss (blitz)"]
[EventRounds "11"]
[EventCountry "USA"]
[SourceTitle "CB10_2025"]
[SourceDate "2025.03.05"]
[SourceVersion "1"]
[SourceVersionDate "2025.03.05"]
[SourceQuality "1"]

1. d4 Nf6 2. Bg5 Ne4 3. h4 c5 4. Nd2 Nxg5 5. hxg5 cxd4 6. Ngf3 Nc6 7. Nb3 e5 8. Qd3 Be7 9. Rxh7 Rg8 10. e3 d5 11. Qb5 a6 12. Qe2 Bf5 13. Rh1 Bb4+ 14. Nfd2 dxe3 15. Qxe3 d4 16. Qg3 Bxc2 17. g6 Bxg6 18. Bd3 e4 19. Bc4 b5 20. Be2 Qd6 21. Qxd6 Bxd6 22. Rc1 Kd7 23. f3 d3 24. Nxe4 Bxe4 25. fxe4 dxe2 26. Kxe2 Rac8 27. Rhd1 Ke7 28. a3 Ne5 29. Nd4 g6 30. a4 Rxc1 31. Rxc1 bxa4 32. Ra1 Rb8 33. Rxa4 Rxb2+ 34. Kd1 Rb6 35. Ke2 Bc5 36. Nc2 Kd6 37. Kd2 Kc6 38. Kc3 Nd7 39. Na1 Nf6 40. Nb3 Bd6 41. Rc4+ Kd7 42. Kd3 Rxb3+ 43. Kc2 Rb4 44. Rc3 Nxe4 45. Rd3 Rc4+ 46. Kb3 Rc3+ 47. Rxc3 Nxc3 48. Kxc3 Ke6 0-1

[Event "Titled Tuesday intern op 11th Feb Early"]
[Site "Chess.com INT"]
[Date "2025.02.11"]
[Round "2"]
[White "Cuellar Montes, Alejandro"]
[Black "Mora Velasco, Alma Jaqueline"]
[Result "1-0"]
[WhiteElo "2194"]
[BlackElo "1884"]
[PlyCount "61"]
[EventDate "2025.02.11"]
[EventType "swiss (blitz)"]
[EventRounds "11"]
[EventCountry "USA"]
[SourceTitle "CB09_2025"]
[SourceDate "2025.02.27"]
[SourceVersion "1"]
[SourceVersionDate "2025.02.27"]
[SourceQuality "1"]

1. e4 c5 2. Nf3 d6 3. d4 Nf6 4. Nc3 cxd4 5. Nxd4 a6 6. Bg5 Nbd7 7. Bc4 Qc7 8. Bb3 h6 9. Bh4 g6 10. Qd2 Bg7 11. 0-0-0 b5 12. a3 0-0 13. f3 Ne5 14. Bxf6 exf6 15. Nd5 Qb7 16. h4 Nc4 17. Qe2 Na5 18. Ba2 Bd7 19. h5 g5 20. Ne7+ Kh8 21. Nef5 Qc7 22. Nxg7 Kxg7 23. f4 Rac8 24. fxg5 fxg5 25. Rhf1 Nc4 26. Bxc4 Qxc4 27. Qf2 f5 28. exf5 b4 29. f6+ Kh8 30. f7 Kh7 31. Qf6 1-0

[Event "Titled Tuesday intern op 11th Feb Early"]
[Site "Chess.com INT"]
[Date "2025.02.11"]
[Round "6"]
[White "Sovetbekova, Nurai"]
[Black "Cuellar Montes, Alejandro"]
[Result "1-0"]
[WhiteElo "1940"]
[BlackElo "2194"]
[PlyCount "165"]
[EventDate "2025.02.11"]
[EventType "swiss (blitz)"]
[EventRounds "11"]
[EventCountry "USA"]
[SourceTitle "CB09_2025"]
[SourceDate "2025.02.27"]
[SourceVersion "1"]
[SourceVersionDate "2025.02.27"]
[SourceQuality "1"]

1. d4 Nf6 2. Bf4 d5 3. e3 c5 4. c3 Nc6 5. Nf3 e6 6. Nbd2 Bd6 7. Bg3 0-0 8. Bd3 b6 9. 0-0 Bxg3 10. hxg3 Qc7 11. e4 cxd4 12. cxd4 dxe4 13. Nxe4 Nd5 14. Rc1 Bb7 15. Bb1 f5 16. Nc3 Qd6 17. Re1 a6 18. a3 b5 19. Ba2 Nce7 20. Re5 Ng6 21. Re1 Rac8 22. Ng5 Rf6 23. Qe2 Re8 24. b4 h6 25. Nf3 Nge7 26. Bb3 Nxc3 27. Rxc3 Nd5 28. Rc5 g5 29. Rec1 f4 30. g4 Re7 31. Ne5 f3 32. Nxf3 Nf4 33. Qe5 Qxe5 34. dxe5 Rff7 35. Rd1 Rd7 36. Rd6 Rxd6 37. exd6 Bxf3 38. gxf3 Rd7 39. Rc6 Ne2+ 40. Kf1 Nd4 41. Rc8+ Kf7 42. Bc2 Rxd6 43. Be4 Nb3 44. Rh8 e5 45. Rh7+ Kg8 46. Ra7 Nd2+ 47. Ke2 Nc4 48. Bh7+ Kh8 49. Be4 Nxa3 50. Rh7+ Kg8 51. Re7 Nc4 52. Bd3 Nb2 53. Bc2 Rd4 54. Rxe5 Rxb4 55. Re6 a5 56. Rxh6 Nc4 57. Rg6+ Kf7 58. Rxg5 a4 59. Rf5+ Ke6 60. Rf8 Rb2 61. Kd3 Ne5+ 62. Kc3 Ra2 63. Rb8 Ra3+ 64. Kb2 Nc4+ 65. Kc1 Rxf3 66. Rxb5 a3 67. Bf5+ Kf6 68. Rc5 Nb2 69. Kb1 Rxf2 70. Ka2 Rf3 71. Rc6+ Kg5 72. Rg6+ Kf4 73. Ra6 Nc4 74. Ra4 Rd3 75. Rxc4+ Ke3 76. Re4+ Kf3 77. Ra4 Rd2+ 78. Kxa3 Kg2 79. Kb4 Kh3 80. Kc5 Rd1 81. Rc4 Kh4 82. Rd4 Kg5 83. Rxd1 1-0

[Event "Titled Tuesday intern op 04th Feb Early"]
[Site "Chess.com INT"]
[Date "2025.02.04"]
[Round "2"]
[White "Apoorv, Kamble"]
[Black "Cuellar Montes, Alejandro"]
[Result "1-0"]
[WhiteElo "2264"]
[BlackElo "2194"]
[PlyCount "39"]
[EventDate "2025.02.04"]
[EventType "swiss (blitz)"]
[EventRounds "11"]
[EventCountry "USA"]
[SourceTitle "CB07_2025"]
[SourceDate "2025.02.12"]
[SourceVersion "1"]
[SourceVersionDate "2025.02.12"]
[SourceQuality "1"]

1. e4 e5 2. Nf3 Nc6 3. Bc4 Bc5 4. c3 Nf6 5. d3 a6 6. Bb3 h6 7. Nbd2 d6 8. h3 0-0 9. Nf1 Be6 10. Ng3 Qd7 11. Nh4 Ba7 12. Nhf5 d5 13. Qf3 dxe4 14. dxe4 Nh7 15. Bxh6 Bxb3 16. Bxg7 Bc4 17. Qg4 Bxf2+ 18. Kxf2 Qd2+ 19. Kg1 Qg5 20. Nh5 1-0

[Event "Titled Tuesday intern op 04th Feb Early"]
[Site "Chess.com INT"]
[Date "2025.02.04"]
[Round "8"]
[White "Balint, Peter1"]
[Black "Cuellar Montes, Alejandro"]
[Result "1-0"]
[WhiteElo "2365"]
[BlackElo "2194"]
[PlyCount "69"]
[EventDate "2025.02.04"]
[EventType "swiss (blitz)"]
[EventRounds "11"]
[EventCountry "USA"]
[SourceTitle "CB07_2025"]
[SourceDate "2025.02.12"]
[SourceVersion "1"]
[SourceVersionDate "2025.02.12"]
[SourceQuality "1"]

1. Nf3 Nf6 2. g3 d5 3. Bg2 Bf5 4. 0-0 e6 5. d3 h6 6. b3 c5 7. Bb2 Nc6 8. Nbd2 Bh7 9. c4 d4 10. a3 a5 11. Ne1 Bd6 12. Nc2 0-0 13. b4 axb4 14. axb4 e5 15. bxc5 Bxc5 16. Nb3 Be7 17. h3 Qc7 18. f4 exf4 19. gxf4 Nh5 20. Ncxd4 Nxd4 21. Nxd4 Nxf4 22. Nb5 Qc5+ 23. Kh2 Qg5 24. Rg1 Rxa1 25. Bxa1 Ra8 26. Bf1 Qh4 27. Rxg7+ Kf8 28. Rxh7 Qf2+ 29. Kh1 Bh4 30. Bd4 Qg3 31. Rg7 Bg5 32. Be5 Qf2 33. Qb1 Ra2 34. Rxg5 hxg5 35. Nc3 1-0

[Event "Titled Tuesday intern op 04th Feb Early"]
[Site "Chess.com INT"]
[Date "2025.02.04"]
[Round "3"]
[White "Cuellar Montes, Alejandro"]
[Black "Bryakin, Mikhail"]
[Result "1-0"]
[WhiteElo "2194"]
[BlackElo "2427"]
[PlyCount "137"]
[EventDate "2025.02.04"]
[EventType "swiss (blitz)"]
[EventRounds "11"]
[EventCountry "USA"]
[SourceTitle "CB07_2025"]
[SourceDate "2025.02.12"]
[SourceVersion "1"]
[SourceVersionDate "2025.02.12"]
[SourceQuality "1"]

1. e4 d6 2. d4 Nf6 3. Nc3 e6 4. f4 Nc6 5. Nf3 d5 6. e5 Ne4 7. Bd3 Bb4 8. Bd2 Bxc3 9. Bxc3 b6 10. Bxe4 dxe4 11. Ng5 Bb7 12. Nxe4 Qd5 13. Qd3 Nxe5 14. fxe5 Qxe4+ 15. Qxe4 Bxe4 16. 0-0-0 h5 17. Rhg1 h4 18. b3 a5 19. Rde1 Bd5 20. Bb2 b5 21. a3 b4 22. a4 f5 23. exf6 gxf6 24. Rgf1 Kf7 25. Rf2 Rag8 26. Ree2 Rh5 27. Kb1 Rhg5 28. Bc1 Rg4 29. Bf4 Rc8 30. g3 h3 31. Be5 f5 32. Rf4 Ke7 33. Ref2 Rxf4 34. Rxf4 Kd7 35. Rh4 Bg2 36. Rh7+ Kc6 37. Kc1 Kb6 38. Kd2 c5 39. dxc5+ Kxc5 40. Rc7+ Rxc7 41. Bxc7 Bb7 42. Bxa5 e5 43. Bc7 Kd5 44. Ke3 Ba6 45. Ba5 Kc5 46. Bd8 Kd5 47. Bf6 Bc8 48. Bg7 f4+ 49. gxf4 exf4+ 50. Kxf4 Be6 51. Bf8 Bg8 52. Bxb4 Bh7 53. c4+ Kd4 54. Kg4 Bc2 55. a5 Bxb3 56. c5 Kc4 57. Ba3 Kb5 58. Kxh3 Kxa5 59. Bc1 Ka4 60. Be3 Kb5 61. Kg4 Kc6 62. Kg5 Kd5 63. h4 Ke4 64. Bg1 Ke5 65. h5 Ke6 66. Kg6 Ke7 67. Kg7 Kd7 68. h6 Bc4 69. h7 1-0

[Event "Titled Tuesday intern op 04th Feb Early"]
[Site "Chess.com INT"]
[Date "2025.02.04"]
[Round "9"]
[White "Cuellar Montes, Alejandro"]
[Black "Park, Sunwoo"]
[Result "1-0"]
[WhiteElo "2194"]
[BlackElo "1862"]
[PlyCount "105"]
[EventDate "2025.02.04"]
[EventType "swiss (blitz)"]
[EventRounds "11"]
[EventCountry "USA"]
[SourceTitle "CB07_2025"]
[SourceDate "2025.02.12"]
[SourceVersion "1"]
[SourceVersionDate "2025.02.12"]
[SourceQuality "1"]

1. e4 d6 2. d4 Nf6 3. Nc3 c6 4. f4 Qa5 5. Bd3 e5 6. Nf3 Bg4 7. Be3 exf4 8. Bxf4 Be7 9. 0-0 0-0 10. Ne2 Nh5 11. Be3 Nd7 12. c3 f5 13. b4 Qc7 14. exf5 Bxf5 15. Bxf5 Rxf5 16. g4 Rxf3 17. Rxf3 Nhf6 18. h3 d5 19. Bf4 Bd6 20. Qc1 Ne4 21. Bxd6 Qxd6 22. Qf4 Ndf6 23. Qxd6 Nxd6 24. Ng3 Nfe4 25. Nxe4 Nxe4 26. Re1 g6 27. Rfe3 Re8 28. c4 b5 29. cxd5 cxd5 30. Ra3 Re7 31. Ra5 Rb7 32. Rc1 Nd6 33. Rc5 Kf7 34. Rxd5 Ke6 35. Re5+ Kd7 36. Ra6 Nc4 37. Rd5+ Kc7 38. Rc5+ Kd7 39. a4 Nd2 40. Rxb5 Nf3+ 41. Kf2 Rxb5 42. axb5 Nxd4 43. Rxa7+ Kd6 44. Rxh7 Nxb5 45. Rh6 Kd5 46. Rxg6 Kc4 47. h4 Kxb4 48. Rb6 Kc5 49. Rxb5+ Kxb5 50. h5 Kc6 51. h6 Kd7 52. h7 Ke7 53. h8Q 1-0

[Event "Titled Tuesday intern op 28th Jan Early"]
[Site "Chess.com INT"]
[Date "2025.01.28"]
[Round "7"]
[White "Cuellar Montes, Alejandro"]
[Black "Jocev, Milan"]
[Result "0-1"]
[WhiteElo "2212"]
[BlackElo "2292"]
[PlyCount "100"]
[EventDate "2025.01.28"]
[EventType "swiss (blitz)"]
[EventRounds "11"]
[EventCountry "USA"]
[SourceTitle "CB06_2025"]
[SourceDate "2025.02.05"]
[SourceVersion "1"]
[SourceVersionDate "2025.02.05"]
[SourceQuality "1"]

1. e4 e5 2. Nf3 Nc6 3. Bb5 a6 4. Ba4 Nf6 5. 0-0 Be7 6. Re1 b5 7. Bb3 0-0 8. h3 Na5 9. Nxe5 Nxb3 10. axb3 Bb7 11. d3 d5 12. Nc3 dxe4 13. dxe4 Qxd1 14. Rxd1 Nxe4 15. Bf4 Nxc3 16. bxc3 Rfd8 17. c4 f6 18. Nd3 bxc4 19. bxc4 Bd6 20. c5 Bxf4 21. Nxf4 Rxd1+ 22. Rxd1 a5 23. Rb1 Be4 24. Nd3 Bxd3 25. cxd3 a4 26. Kf1 Kf8 27. Ke2 Ke7 28. Kd2 a3 29. Kc3 Ke6 30. Kc4 a2 31. Ra1 c6 32. d4 Ra3 33. g4 g5 34. d5+ cxd5+ 35. Kb5 Kd7 36. Kb6 Kc8 37. c6 Rb3+ 38. Kc5 Rb2 39. Kd6 Re2 40. Kxd5 Kc7 41. Kc5 Rxf2 42. Kd5 Re2 43. Kc5 h6 44. Kd5 Re5+ 45. Kd4 Ra5 46. Ke4 Kxc6 47. Rc1+ Kd6 48. Rd1+ Ke6 49. Ra1 Ra4+ 50. Ke3 Ke5 0-1

[Event "Titled Tuesday intern op 07th Jan Early"]
[Site "Chess.com INT"]
[Date "2025.01.07"]
[Round "7"]
[White "Cuellar Montes, Alejandro"]
[Black "Altynbek, Aiaru"]
[Result "1-0"]
[WhiteElo "2212"]
[BlackElo "1978"]
[PlyCount "45"]
[EventDate "2025.01.07"]
[EventType "swiss (blitz)"]
[EventRounds "11"]
[EventCountry "USA"]
[SourceTitle "CB03_2025"]
[SourceDate "2025.01.15"]
[SourceVersion "1"]
[SourceVersionDate "2025.01.15"]
[SourceQuality "1"]

1. e4 c6 2. Nf3 d5 3. Nc3 Bg4 4. h3 Bxf3 5. Qxf3 e6 6. Be2 Nf6 7. 0-0 dxe4 8. Nxe4 Nxe4 9. Qxe4 Nd7 10. d4 Nf6 11. Qh4 Be7 12. c3 0-0 13. Re1 a5 14. a4 c5 15. dxc5 Bxc5 16. Bg5 Be7 17. Rad1 Qb6 18. Bd3 h6 19. Bxh6 gxh6 20. Qxh6 Rad8 21. Re5 Ne4 22. Rxe4 f5 23. Rg4+ 1-0

[Event "Titled Tuesday intern op 24th Sep Early"]
[Site "Chess.com INT"]
[Date "2024.09.24"]
[Round "7"]
[White "Hossam Mohamed, Adham"]
[Black "Cuellar Montes, Alejandro"]
[Result "0-1"]
[WhiteElo "2013"]
[BlackElo "2190"]
[PlyCount "62"]
[EventDate "2024.09.24"]
[EventType "swiss (blitz)"]
[EventRounds "11"]
[EventCountry "USA"]
[SourceTitle "EXT 2025"]
[Source "ChessBase"]
[SourceDate "2024.10.14"]
[SourceVersion "1"]
[SourceVersionDate "2024.10.14"]
[SourceQuality "1"]

1. e4 e5 2. Nf3 Nc6 3. Bc4 Bc5 4. c3 Nf6 5. d3 a6 6. a4 h6 7. 0-0 Ba7 8. Re1 d6 9. h3 g5 10. d4 Qe7 11. dxe5 Nxe5 12. Nxe5 dxe5 13. Be3 Bxe3 14. Rxe3 Bd7 15. Qb3 0-0-0 16. Bxf7 Rdf8 17. Bc4 h5 18. Nd2 h4 19. Bf1 g4 20. Nc4 gxh3 21. Na5 b6 22. Bxa6+ Kd8 23. Rd1 Ke8 24. Nc4 hxg2 25. Bb5 h3 26. Bxd7+ Nxd7 27. Kh2 Rxf2 28. Rg1 Rf1 29. Re1 Rxe1 30. Rxe1 Qg5 31. Re3 g1Q# 0-1

[Event "Titled Tuesday intern op 24th Sep Early"]
[Site "Chess.com INT"]
[Date "2024.09.24"]
[Round "11"]
[White "Ovetchkin, Roman"]
[Black "Cuellar Montes, Alejandro"]
[Result "1-0"]
[WhiteElo "2507"]
[BlackElo "2190"]
[PlyCount "67"]
[EventDate "2024.09.24"]
[EventType "swiss (blitz)"]
[EventRounds "11"]
[EventCountry "USA"]
[SourceTitle "EXT 2025"]
[Source "ChessBase"]
[SourceDate "2024.10.14"]
[SourceVersion "1"]
[SourceVersionDate "2024.10.14"]
[SourceQuality "1"]

1. d4 d5 2. c4 e6 3. Nf3 c5 4. cxd5 exd5 5. g3 Nc6 6. Bg2 Nf6 7. 0-0 cxd4 8. Nxd4 Bc5 9. Nxc6 bxc6 10. Qc2 Qb6 11. Nc3 Be7 12. e4 Be6 13. Be3 Qa6 14. Rfd1 Rd8 15. exd5 cxd5 16. Qa4+ Qxa4 17. Nxa4 0-0 18. Bxa7 Ra8 19. Bc5 Bxc5 20. Nxc5 Rfb8 21. b3 Rb5 22. Nd3 Ne4 23. Nf4 g5 24. Nxe6 fxe6 25. Bxe4 dxe4 26. Re1 Rb4 27. Re3 Kf7 28. a4 Kf6 29. Rc1 Kf5 30. Rc5+ e5 31. h3 h5 32. Kg2 g4 33. h4 Ra7 34. Rc6 1-0

[Event "Titled Tuesday intern op 17th Sep Early"]
[Site "Chess,com INT"]
[Date "2024.09.17"]
[Round "10"]
[White "Brilej, Jaka"]
[Black "Cuellar Montes, Alejandro"]
[Result "1-0"]
[WhiteElo "2280"]
[BlackElo "2190"]
[PlyCount "53"]
[EventDate "2024.09.17"]
[EventType "swiss (blitz)"]
[EventRounds "11"]
[EventCountry "USA"]
[SourceTitle "EXT 2025"]
[Source "ChessBase"]
[SourceDate "2024.10.14"]
[SourceVersion "1"]
[SourceVersionDate "2024.10.14"]
[SourceQuality "1"]

1. Nf3 d5 2. e3 c5 3. b3 Nc6 4. Bb2 f6 5. d4 Bg4 6. Be2 Qd7 7. h3 Bf5 8. a3 0-0-0 9. dxc5 e5 10. b4 d4 11. exd4 Nxd4 12. Nxd4 exd4 13. 0-0 Ne7 14. Nd2 Ng6 15. Bd3 Bxd3 16. cxd3 Nf4 17. Qf3 g5 18. Ne4 Be7 19. Rac1 Kb8 20. Rfe1 f5 21. Ng3 Bf6 22. c6 bxc6 23. Rxc6 Bg7 24. Rec1 Be5 25. R6c5 Rhe8 26. Nxf5 Qxf5 27. Rb5# 1-0

[Event "Titled Tuesday intern op 17th Sep Early"]
[Site "Chess,com INT"]
[Date "2024.09.17"]
[Round "2"]
[White "Finegold, Benjamin"]
[Black "Cuellar Montes, Alejandro"]
[Result "1-0"]
[WhiteElo "2400"]
[BlackElo "2190"]
[PlyCount "89"]
[EventDate "2024.09.17"]
[EventType "swiss (blitz)"]
[EventRounds "11"]
[EventCountry "USA"]
[SourceTitle "EXT 2025"]
[Source "ChessBase"]
[SourceDate "2024.10.14"]
[SourceVersion "1"]
[SourceVersionDate "2024.10.14"]
[SourceQuality "1"]

1. d4 Nf6 2. c4 e6 3. Nc3 Bb4 4. Qc2 0-0 5. Nf3 d5 6. cxd5 exd5 7. Bg5 h6 8. Bh4 c6 9. e3 Be6 10. Bd3 Nbd7 11. 0-0 Bd6 12. Rab1 a5 13. a3 b5 14. Ne2 Rc8 15. Bg3 Qe7 16. Rfe1 Bg4 17. Bxd6 Qxd6 18. Ng3 Rfe8 19. Nd2 h5 20. h3 Be6 21. Nb3 a4 22. Nc5 Nxc5 23. dxc5 Qe5 24. Ne2 Ne4 25. Bxe4 dxe4 26. Qc3 Bc4 27. Nf4 Qxc5 28. Rbd1 Rcd8 29. h4 Qf5 30. Qa5 Rxd1 31. Rxd1 Qg4 32. Rd8 Rxd8 33. Qxd8+ Kh7 34. Qd6 f6 35. Qxc6 Qf5 36. g3 Bf7 37. Ne2 Bc4 38. Nd4 Qh3 39. Qxe4+ Kg8 40. Qe8+ Kh7 41. Qe4+ Kg8 42. Qg2 Qd7 43. Qf3 Bd5 44. Qxh5 Qc7 45. Qxd5+ 1-0